000 00286nam a22001337a 4500
020 _a978-93-85554-15-5
082 _a894.812.3
_bGEO/R
100 _aGEORGE,BEENA
245 _aROBINSON CRUSO
260 _aTHRISSUR
_bH&C BOOKS
300 _a48
650 _aSTORY
_zTHRISSUR
942 _cBK
999 _c6946
_d6946